Extension universitaria en busca de su identidad para el siglo XXI (Registro nro. 127635)
[ vista simple ]
| 001 - NÚMERO DE CONTROL | |
|---|---|
| campo de control | 498751 |
| 005 - FECHA Y HORA DE LA ÚLTIMA TRANSACCIÓN | |
| campo de control | 20240626085718.0 |
| 008 - DATOS DE LONGITUD FIJA--INFORMACIÓN GENERAL | |
| campo de control de longitud fija | 990818nuuuuuuuu spa |
| 035 ## - NÚMERO DE CONTROL DEL SISTEMA | |
| Número de control de sistema | 498751 |
| 035 ## - NÚMERO DE CONTROL DEL SISTEMA | |
| Número de control de sistema | (OCoLC)819803957 |
| 040 ## - FUENTE DE LA CATALOGACIÓN | |
| Centro/agencia transcriptor | comduadb |
| 041 ## - CÓDIGO DE LENGUA | |
| Código de lengua del texto/banda sonora o título independiente | spa |
| 100 10 - ENTRADA PRINCIPAL--NOMBRE DE PERSONA | |
| Nombre de persona | Cepero Morgan, Carlos Masiuci |
| Código de función | aut |
| Término indicativo de función/relación | Autor/a |
| 9 (RLIN) | 328192 |
| 245 10 - MENCIÓN DE TÍTULO | |
| Título | Extension universitaria en busca de su identidad para el siglo XXI |
| 650 #7 - PUNTO DE ACCESO ADICIONAL DE MATERIA--TÉRMINO DE MATERIA | |
| Término de materia o nombre geográfico como elemento de entrada | Educación superior |
| Fuente del encabezamiento o término | lemb |
| 9 (RLIN) | 1957 |
| 650 #7 - PUNTO DE ACCESO ADICIONAL DE MATERIA--TÉRMINO DE MATERIA | |
| Término de materia o nombre geográfico como elemento de entrada | Extensión universitaria |
| Fuente del encabezamiento o término | lemb |
| 9 (RLIN) | 10984 |
| 650 ## - PUNTO DE ACCESO ADICIONAL DE MATERIA--TÉRMINO DE MATERIA | |
| Término de materia o nombre geográfico como elemento de entrada | Promoción cultural |
| 9 (RLIN) | 24417 |
| 650 ## - PUNTO DE ACCESO ADICIONAL DE MATERIA--TÉRMINO DE MATERIA | |
| Término de materia o nombre geográfico como elemento de entrada | Universidad y empresa |
| 9 (RLIN) | 52223 |
| 773 0# - ENLACE AL DOCUMENTO FUENTE/ENTRADA DE REGISTRO ANFITRIÓN | |
| Título | Revista Educación y Ciencias Humanas (Caracas) |
| Parte(s) relacionada(s) | Vol. 06, No. 10, Ene-Jun., p. 45-54 |
| Número de control del registro | 117215 |
| Número Internacional Normalizado para Publicaciones Seriadas | 1315-1762 |
| Número bibliográfico anfitrión | 69438 |
| 942 ## - ELEMENTOS DE ENTRADA AGREGADA (KOHA) | |
| Tipo de ítem Koha | Artículo de Revista |
No hay ítems disponibles.